Nature, Environment and Society: Conservation, Governance and Transformation in India (Record no. 1848172)

MARC details
000 -LEADER
fixed length control field 00576nam a22001817a 4500
005 - DATE AND TIME OF LATEST TRANSACTION
control field 20260409133958.0
008 - FIXED-LENGTH DATA ELEMENTS--GENERAL INFORMATION
fixed length control field 260409b |||||||| |||| 00| 0 eng d
037 ## - SOURCE OF ACQUISITION
Terms of availability DSWL
040 ## - CATALOGING SOURCE
Original cataloging agency DSWL
Transcribing agency DSWL
041 ## - LANGUAGE CODE
Language code of original eng
245 ## - TITLE STATEMENT
Title Nature, Environment and Society: Conservation, Governance and Transformation in India
260 ## - PUBLICATION, DISTRIBUTION, ETC.
Place of publication, distribution, etc. Hyderabad,
Name of publisher, distributor, etc. Orient Blackswan Publication,
Date of publication, distribution, etc. 2012
300 ## - PHYSICAL DESCRIPTION
Extent 234p
365 ## - TRADE PRICE
Price type code INR
Price amount 655
700 ## - ADDED ENTRY--PERSONAL NAME
Personal name T. B. Subba Ed.
9 (RLIN) 1234507
942 ## - ADDED ENTRY ELEMENTS (KOHA)
Source of classification or shelving scheme Colon Classification (CC)
Koha item type Textual
Suppress in OPAC No
Holdings
Withdrawn status Lost status Source of classification or shelving scheme Damaged status Not for loan Home library Current library Date acquired Source of acquisition Cost, normal purchase price Inventory number Total Checkouts Barcode Date last seen Price effective from Koha item type
    Colon Classification (CC)     Department of Social Work Library Department of Social Work Library 2018-02-27 Dr. A Malathi 655.00 Gifted   SW0032336 2026-04-09 2026-04-09 Textual
Copyright @ Delhi University Library System